| 000 | 00553nam a2200229Ia 4500 | ||
|---|---|---|---|
| 999 |
_c209 _d209 |
||
| 003 | 0100 | ||
| 008 | 130227s9999 xx 000 0 und d | ||
| 040 | _cARRUPELIB | ||
| 050 | _aDT795.S35S5 | ||
| 100 |
_aSillery, A. _939884 |
||
| 245 |
_aSechele: _bthe story of an African chief / |
||
| 260 |
_aOxford _bGeorge Ronald _c1954 |
||
| 300 | _a224p | ||
| 300 | _b 20cm | ||
| 650 |
_aSechele I _939893 |
||
| 650 |
_aBechuanaland _xHistory _939881 |
||
| 942 |
_2lcc _cMONOGRAPH |
||